000
00306nam a2200121Ia 4500
008
220217s9999||||xx |||||||||||||| ||und||
082
_a
004.165 PAL
100
_a
Palan, N.G.
245
0
_a
Microprocessors,
260
_a
Tech-max publications
_b
Pune
_c
2002
300
_b
175
650
_a
MICROPROCESSOR
999
_c
172104
_d
172104